00803nam a22001817a 4500003000400000005001700004008004100021040001400062100008700076245014700163260001000310300002800320500011000348504002700458942001600485999001500501952010500516OSt20171010095535.0121015t xxu||||| |||| 00| 0 eng d aMMSUcULS aMamaril, Modesto G. Jr., Jandoc, Nino Antonio C., Calaycay, John Miguel R. 913576 aDesign, fabrication, testing and evaluation of an air flow apparatuscModesto G. Mamaril Jr., Nino Antonio C. Jandoc, John Miguel R. Calaycay  c2008  aix, 67 leaves c28 cm.  aThesis (BS Mechanical Engineering) -- Mariano Marcos State University-College of Engineering, Batac City  aBibliography: leaf 24  2ddccTHEDIS c9837d9837 00102lcc4070aREFbREFd2012-10-15l0p3551-Un r2017-10-10w2017-10-10yTHEDISzLibrary Use only